01564nam a2200241 a 450000500170000000800410001701000060005802000180006402200060008204100080008809200160009610000300011224500520014225000110019426000420020530000220024750000930026950507260036265500210108894200130110999900150112295201850113720241212134110.0230622s2016||||ag gr |||| f|spa d a  a9789877390513 y  aspa c808l8sBON1 aBonellli, Florencia94163 aMe llaman Artemio Furia II /cFlorencia Bonelli a1a ed. aBuenos Aires:bSuma de letras;c2016. a320 p.b21x13 cm. aBonelli, F. (2016). Me llaman Artemio Furia II. (1a ed.). Buenos Aires : Suma de letras. aBuenos Aires, 1810. Artemio Furia es un gaucho cuyo nombre se pronuncia con respeto y temor en todas las esferas de la sociedad. Entre 1806 y 1807, sus centauros y él sirvieron en los ejércitos de Juan Martín de Pueyrredón para expulsar a los ingleses. Su influencia entre los paisanos es decisiva. Cuando palpita la Revolución de Mayo, la facción patriótica lo convoca para luchar por la libertad. Contar con las huestes del gaucho Furia puede significar la victoria. En medio de estas intrigas políticas, el pasado oscuro y trágico de Artemio Furia se hace presente y el honor lo obliga a hacerle frente con la venganza. En esta batalla, podrá perder algo más que la vida. Podrá perder el amor.  aLiteratura92917 2ddccLIT c3223d3223 00102ddc4070aBFMbBFMcCRd2024-12-12eDonación Diciembre 2024. Sede Tordos.l0o808 8 BONp4964r2024-12-12tEj.1w2024-12-12yLITzDonación Diciembre 2024. Sede Tordos.f